The reader's encyclopedia, (Record no. 6914)
[ view plain ]
| 000 -LEADER | |
|---|---|
| fixed length control field | 00769cam a22002412 4500 |
| 001 - CONTROL NUMBER | |
| control field | 10266687 |
| 003 - CONTROL NUMBER IDENTIFIER | |
| control field | GBCCL |
| 005 - DATE AND TIME OF LATEST TRANSACTION | |
| control field | 20241126110615.0 |
| 008 - FIXED-LENGTH DATA ELEMENTS--GENERAL INFORMATION | |
| fixed length control field | 830216s1955 nyu d 000 0 eng |
| 010 ## - | |
| -- | 55010502 |
| 040 ## - CATALOGING SOURCE | |
| Original cataloging agency | DLC |
| Transcribing agency | CarP |
| Modifying agency | DLC |
| 050 00 - | |
| -- | PN41 |
| -- | .B4 1955 |
| 082 ## - DEWEY DECIMAL CLASSIFICATION NUMBER | |
| Classification number | 803 |
| Item number | REA |
| 100 1# - MAIN ENTRY--PERSONAL NAME | |
| Personal name | Benét, William Rose, |
| Dates associated with a name | 1886-1950, |
| Relator term | ed. |
| 9 (RLIN) | 12332 |
| 245 14 - TITLE STATEMENT | |
| Title | The reader's encyclopedia, |
| Remainder of title | an encyclopedia of world literature and the arts, with supplement. |
| 260 ## - PUBLICATION, DISTRIBUTION, ETC. | |
| Place of publication, distribution, etc. | New York, |
| Name of publisher, distributor, etc. | T.Y. Crowell Co. |
| Date of publication, distribution, etc. | [1955] |
| 300 ## - PHYSICAL DESCRIPTION | |
| Extent | vii, 1270 p. |
| Dimensions | 24 cm. |
| 650 #0 - SUBJECT ADDED ENTRY--TOPICAL TERM | |
| Topical term or geographic name entry element | Literature |
| Form subdivision | Dictionaries. |
| 9 (RLIN) | 12333 |
| 650 #0 - SUBJECT ADDED ENTRY--TOPICAL TERM | |
| Topical term or geographic name entry element | Art |
| Form subdivision | Dictionaries. |
| 9 (RLIN) | 12334 |
| 650 #0 - SUBJECT ADDED ENTRY--TOPICAL TERM | |
| Topical term or geographic name entry element | Music |
| Form subdivision | Dictionaries. |
| 9 (RLIN) | 12335 |
| 906 ## - LOCAL DATA ELEMENT F, LDF (RLIN) | |
| a | 0 |
| b | cbc |
| c | premver |
| d | u |
| e | ncip |
| f | 19 |
| g | y-gencatlg |
| 942 ## - ADDED ENTRY ELEMENTS (KOHA) | |
| Source of classification or shelving scheme | Dewey Decimal Classification |
| Koha item type | Reference Books |
| Withdrawn status | Lost status | Source of classification or shelving scheme | Damaged status | Not for loan | Home library | Current Library | Shelving location | Date acquired | Total checkouts | Full call number | Barcode | Date last seen | Copy number | Price effective from | Koha item type |
|---|---|---|---|---|---|---|---|---|---|---|---|---|---|---|---|
| Dewey Decimal Classification | GRACE BIBLE COLLEGE | GRACE BIBLE COLLEGE | Encyclopedia | 2018-07-03 | 803 REA | 000077 | 2025-05-01 | c.1 | 2018-07-03 | Reference Books |